Obálka Náhled e-knihy:
Epub
Pro půjčování e-knih musíte být přihlášeni.
Jak si půjčit online?

Anglické chůvy. Mary a její víra v lásku /

Volné pokračování zamýšlené trilogie věnující se fenoménu norlandských chův v Anglii na počátku 20. století.

Uloženo v:
Série:Anglické chůvy, část 2
Hlavní autor: Perkins, Ella, 1979- (Autor)
Další autoři: Kurka, Tomáš, 1967- (Autor)
Médium: E-kniha
Jazyk:Czech
Vydáno: Praha : Baronet, 2022
Vydání:Vydání první
Témata:
Příbuzné jednotky:Z cyklu:: Anglické chůvy
Tagy:
Žádné tagy
LEADER 02779nam a2200469 i 4500
001 311779
003 CZ PrSKC
005 20260601215711.0
007 ta
008 221206s2022 xr g 000 f cze
015 |a cnb003447468 
020 |a 9788026919506  |q (vázáno) 
035 |a (OCoLC)1369540388 
040 |a ABG001  |b cze  |d ABA001  |e rda 
041 1 |a cze  |h ger 
072 7 |a 821.112.2-3  |x Německá próza, německy psaná  |2 Konspekt 
080 |a 821.112.2-31  |2 MRF 
080 |a (0:82-31)-055.2  |2 MRF 
100 1 |a Perkins, Ella,  |d 1979-  |7 xx0278317  |4 aut 
240 1 0 |a Mary und der Glaube an die Liebe.  |l Česky 
245 1 0 |a Anglické chůvy.  |p Mary a její víra v lásku /  |c Ella Perkins ; přeložil: Tomáš Kurka 
246 3 0 |a Mary a její víra v lásku 
250 |a Vydání první 
264 1 |a Praha :  |b Baronet,  |c 2022 
300 |a 311 stran ;  |c 21 cm 
336 |a text  |b txt  |2 rdacontent 
337 |a bez média  |b n  |2 rdamedia 
338 |a svazek  |b nc  |2 rdacarrier 
500 |a Přeloženo z němčiny 
520 2 |a Volné pokračování zamýšlené trilogie věnující se fenoménu norlandských chův v Anglii na počátku 20. století.  |b Londýn roku 1905: Mary, hlavní hrdinka dalšího dílu strhující trilogie Anglické chůvy, se od ostatních dívek liší svým původem. Narodila se do chudých poměrů, ale přesto vždy toužila po vzdělání. Navzdory veškerým potížím svůj sen uskuteční. Dostuduje, ale přesto zažívá zklamání: mnohé rodiny nechtějí chůvu, která školu dokončila jen díky stipendiu. Nakonec však Norlandský ústav najde místo i pro ni! Mary pečuje o děti bohatého obchodníka Olivera. Čerstvý vdovec se k ní však chová nevrle a odmítavě. Lásku nedává najevo ani svým synům. Mary se daří jen pomalu získávat Oliverovu důvěru a zjišťuje, že za hrubým zevnějškem se skrývá úplně jiný člověk. Klíčící city však nejdou dohromady s jejím povoláním chůvy. Nakladatelská anotace. Kráceno. 
655 7 |a německé romány  |7 fd132945  |2 czenas 
655 7 |a romány pro ženy  |7 fd187897  |2 czenas 
655 9 |a German fiction  |2 eczenas 
655 9 |a women's novels  |2 eczenas 
700 1 |a Kurka, Tomáš,  |d 1967-  |7 jx20050628017  |4 trl 
765 1 |t Norland nannys 
787 0 8 |i Z cyklu:  |t Anglické chůvy  |g 2 
900 |a ABA001  |b 21 
044 |a xr 
910 |a RBIT002 
998 |d 364748  |a https://core.palmknihy.cz/api/books/364748/cover?sqsvnm  |b https://core.palmknihy.cz/api/books/364748/cover/400?sqsvnm  |c https://core.palmknihy.cz/api/books/364748/cover/50?sqsvnm  |e 2027-11-15  |g 312  |i 9788026919506  |j https://core.palmknihy.cz/api/books/364748/preview.epub  |l   |q 49  |r 1  |s https://www.palmknihy.cz/kniha/364748  |t ebook  |y 2022  |z 0  |v Anglické chůvy  |w 2 
999 |d 311777